<?xml version="1.0" encoding="UTF-8"?>
<record
    xmlns:xsi="http://www.w3.org/2001/XMLSchema-instance"
    xsi:schemaLocation="http://www.loc.gov/MARC21/slim http://www.loc.gov/standards/marcxml/schema/MARC21slim.xsd"
    xmlns="http://www.loc.gov/MARC21/slim">

  <leader>02572nam a22002297a 4500</leader>
  <controlfield tag="005">20230127101518.0</controlfield>
  <controlfield tag="008">230127b           ||||| |||| 00| 0 eng d</controlfield>
  <datafield tag="020" ind1=" " ind2=" ">
    <subfield code="a">9788126719228</subfield>
  </datafield>
  <datafield tag="040" ind1=" " ind2=" ">
    <subfield code="c">AL</subfield>
  </datafield>
  <datafield tag="041" ind1=" " ind2=" ">
    <subfield code="a">hin</subfield>
  </datafield>
  <datafield tag="082" ind1=" " ind2=" ">
    <subfield code="2">23</subfield>
    <subfield code="a">H891.3</subfield>
    <subfield code="b">CHAS</subfield>
  </datafield>
  <datafield tag="100" ind1=" " ind2=" ">
    <subfield code="a">Geet Chatruvedi: &#x917;&#x940;&#x924; &#x91A;&#x924;&#x941;&#x930;&#x94D;&#x935;&#x947;&#x926;&#x940; </subfield>
    <subfield code="9">69967</subfield>
  </datafield>
  <datafield tag="245" ind1=" " ind2=" ">
    <subfield code="a">Savant anti ki ladkiyan: &#x938;&#x93E;&#x935;&#x902;&#x924; &#x906;&#x902;&#x91F;&#x940; &#x915;&#x940; &#x932;&#x921;&#x93C;&#x915;&#x93F;&#x92F;&#x93E;&#x902; </subfield>
  </datafield>
  <datafield tag="260" ind1=" " ind2=" ">
    <subfield code="a">Nayi Dilli</subfield>
    <subfield code="b">Rajkamal Prakashan</subfield>
    <subfield code="c">2021</subfield>
  </datafield>
  <datafield tag="300" ind1=" " ind2=" ">
    <subfield code="a">176p.</subfield>
    <subfield code="b">HB</subfield>
    <subfield code="c">22x14cm.</subfield>
  </datafield>
  <datafield tag="365" ind1=" " ind2=" ">
    <subfield code="2">Hindi</subfield>
    <subfield code="a">1831</subfield>
    <subfield code="b">421.00</subfield>
    <subfield code="c">&#x20B9;</subfield>
    <subfield code="d">495.00</subfield>
    <subfield code="e">15%</subfield>
    <subfield code="f">11-12-2022</subfield>
  </datafield>
  <datafield tag="520" ind1=" " ind2=" ">
    <subfield code="a">&#x92E;&#x93F;&#x925;&#x915;&#x94B;&#x902; &#x914;&#x930; &#x926;&#x902;&#x924;&#x915;&#x925;&#x93E;&#x913;&#x902; &#x915;&#x93E; &#x906;&#x935;&#x93F;&#x937;&#x94D;&#x915;&#x93E;&#x930; &#x917;&#x940;&#x924; &#x91A;&#x924;&#x941;&#x930;&#x94D;&#x935;&#x947;&#x926;&#x940; &#x915;&#x940; &#x915;&#x939;&#x93E;&#x928;&#x93F;&#x92F;&#x94B;&#x902; &#x915;&#x940; &#x935;&#x93F;&#x936;&#x947;&#x937;&#x924;&#x93E; &#x939;&#x948;&#x964; &#x939;&#x92E;&#x93E;&#x930;&#x940; &#x907;&#x924;&#x93F;&#x939;&#x93E;&#x938; &#x91A;&#x947;&#x924;&#x928;&#x93E; &#x915;&#x94B; &#x924;&#x925;&#x94D;&#x92F;&#x94B;&#x902; &#x915;&#x947; &#x918;&#x91F;&#x93E;&#x91F;&#x947;&#x92A; &#x92E;&#x947;&#x902; &#x92E;&#x942;&#x902;&#x926;&#x915;&#x930; &#x924;&#x92C;&#x93E;&#x939; &#x915;&#x930;&#x928;&#x947; &#x915;&#x947; &#x937;&#x921;&#x94D;&#x92F;&#x902;&#x924;&#x94D;&#x930; &#x915;&#x940; &#x92E;&#x941;&#x916;&#x94D;&#x916;&#x93E;&#x932;&#x92B;&#x924; &#x915;&#x930;&#x924;&#x947; &#x939;&#x941;&#x90F; &#x917;&#x940;&#x924; &#x915;&#x940; &#x915;&#x939;&#x93E;&#x928;&#x93F;&#x92F;&#x93E;&#x902; &#x935;&#x94D;&#x92F;&#x937;&#x94D;&#x91F;&#x93F; &#x915;&#x947; &#x92C;&#x939;&#x93E;&#x928;&#x947; &#x938;&#x92E;&#x937;&#x94D;&#x91F;&#x93F; &#x915;&#x93E; &#x92D;&#x93E;&#x935;&#x93E;&#x924;&#x94D;&#x92E;&#x915; &#x907;&#x924;&#x93F;&#x939;&#x93E;&#x938; &#x92C;&#x928;&#x915;&#x930; &#x92A;&#x93E;&#x920;&#x915;&#x94B;&#x902; &#x915;&#x947; &#x915;&#x932;&#x93E;&#x924;&#x94D;&#x92E;&#x915; &#x906;&#x938;&#x94D;&#x935;&#x93E;&#x926; &#x915;&#x93E; &#x935;&#x93F;&#x938;&#x94D;&#x924;&#x93E;&#x930; &#x915;&#x930;&#x924;&#x940; &#x939;&#x948;&#x902;&#x964; &#x91A;&#x93E;&#x939;&#x947; &#x2018;&#x938;&#x94C; &#x915;&#x93F;&#x932;&#x94B; &#x915;&#x93E; &#x938;&#x93E;&#x901;&#x92A;&#x2019; &#x939;&#x94B;, &#x2018;&#x938;&#x93E;&#x935;&#x902;&#x924; &#x906;&#x902;&#x91F;&#x940; &#x915;&#x940; &#x932;&#x921;&#x93C;&#x915;&#x93F;&#x92F;&#x93E;&#x901;&#x2019; &#x92F;&#x93E; &#x92B;&#x93F;&#x930; &#x2018;&#x938;&#x93E;&#x939;&#x93F;&#x92C; &#x939;&#x948; &#x930;&#x902;&#x917;&#x930;&#x947;&#x91C;&#x2019; &#x91C;&#x948;&#x938;&#x940; &#x915;&#x939;&#x93E;&#x928;&#x940;, &#x917;&#x940;&#x924; &#x939;&#x92E;&#x93E;&#x930;&#x947; &#x938;&#x92E;&#x93E;&#x91C; &#x915;&#x947; &#x905;&#x935;&#x91A;&#x947;&#x924;&#x928; &#x92E;&#x947;&#x902; &#x926;&#x92C;&#x940; &#x92A;&#x921;&#x93C;&#x940; &#x909;&#x924;&#x94D;&#x915;&#x902;&#x920;&#x93E;&#x913;&#x902;, &#x906;&#x936;&#x93E;&#x913;&#x902; &#x935;&#x926;&#x941;&#x930;&#x93E;&#x936;&#x93E;&#x913;&#x902; &#x915;&#x94B; &#x90F;&#x915; &#x917;&#x939;&#x928; &#x905;&#x902;&#x924;&#x930;&#x94D;&#x926;&#x943;&#x937;&#x94D;&#x91F;&#x93F; &#x915;&#x947; &#x938;&#x93E;&#x925; &#x930;&#x91A;&#x928;&#x93E;&#x924;&#x94D;&#x92E;&#x915; &#x932;&#x939;&#x91C;&#x947; &#x92E;&#x947;&#x902; &#x922;&#x93E;&#x932;&#x924;&#x947; &#x939;&#x948;&#x902;&#x964;&#x2026;(&#x909;&#x928;&#x915;&#x940; &#x915;&#x939;&#x93E;&#x928;&#x93F;&#x92F;&#x94B;&#x902; &#x915;&#x947;) &#x938;&#x902;&#x938;&#x93E;&#x930;&#x94B;&#x902; &#x915;&#x940; &#x92C;&#x939;&#x941;&#x932;&#x924;&#x93E; &#x915;&#x947; &#x92E;&#x942;&#x932; &#x92E;&#x947;&#x902; &#x939;&#x948; &#x92D;&#x93E;&#x937;&#x93E; &#x915;&#x940; &#x92C;&#x939;&#x941;&#x927;&#x94D;&#x935;&#x928;&#x94D;&#x92F;&#x93E;&#x924;&#x94D;&#x92E;&#x915;&#x924;&#x93E;&#x964; &#x917;&#x940;&#x924; &#x92D;&#x93E;&#x937;&#x93E; &#x915;&#x947; &#x938;&#x93E;&#x925; &#x92C;&#x939;&#x941;&#x924; &#x938;&#x91C;&#x917; &#x914;&#x930; &#x930;&#x91A;&#x928;&#x93E;&#x924;&#x94D;&#x92E;&#x915;&#x924;&#x93E; &#x916;&#x93F;&#x932;&#x935;&#x93E;&#x921;&#x93C; &#x915;&#x930;&#x924;&#x947; &#x939;&#x948;&#x902;&#x964;
&#x2014; &#x92A;&#x94D;&#x930;&#x93F;&#x92F;&#x92E; &#x905;&#x902;&#x915;&#x93F;&#x924;, &#x92A;&#x94D;&#x930;&#x917;&#x924;&#x93F;&#x936;&#x940;&#x932; &#x935;&#x938;&#x941;&#x927;&#x93E;</subfield>
  </datafield>
  <datafield tag="650" ind1=" " ind2=" ">
    <subfield code="a">Hindi Fiction: &#x939;&#x93F;&#x902;&#x926;&#x940; &#x915;&#x939;&#x93E;&#x928;&#x940; </subfield>
    <subfield code="9">69948</subfield>
  </datafield>
  <datafield tag="650" ind1=" " ind2=" ">
    <subfield code="a">Hindi Literature: &#x939;&#x93F;&#x902;&#x926;&#x940; &#x938;&#x93E;&#x939;&#x93F;&#x924;&#x94D;&#x92F; </subfield>
    <subfield code="9">69949</subfield>
  </datafield>
  <datafield tag="700" ind1=" " ind2=" ">
    <subfield code="a">CHATURVEDI (Geet): &#x91A;&#x924;&#x941;&#x930;&#x94D;&#x935;&#x947;&#x926;&#x940; (&#x917;&#x940;&#x924;)</subfield>
    <subfield code="9">69950</subfield>
  </datafield>
  <datafield tag="942" ind1=" " ind2=" ">
    <subfield code="2">ddc</subfield>
    <subfield code="c">BK</subfield>
  </datafield>
  <datafield tag="999" ind1=" " ind2=" ">
    <subfield code="c">226451</subfield>
    <subfield code="d">226451</subfield>
  </datafield>
  <datafield tag="952" ind1=" " ind2=" ">
    <subfield code="0">0</subfield>
    <subfield code="1">0</subfield>
    <subfield code="2">ddc</subfield>
    <subfield code="4">0</subfield>
    <subfield code="7">0</subfield>
    <subfield code="8">HIN</subfield>
    <subfield code="a">AL</subfield>
    <subfield code="b">AL</subfield>
    <subfield code="d">2023-01-23</subfield>
    <subfield code="e">Vidya Vihar Govind Nagar Kanpur 208006</subfield>
    <subfield code="g">421.00</subfield>
    <subfield code="l">0</subfield>
    <subfield code="o">H891.3 CHAS</subfield>
    <subfield code="p">076335</subfield>
    <subfield code="r">2023-01-27 00:00:00</subfield>
    <subfield code="v">495.00</subfield>
    <subfield code="w">2023-01-27</subfield>
    <subfield code="y">BK</subfield>
  </datafield>
</record>
